[Event "World Junior U20 Open 2018"]
[Site "Gebze"]
[Date "2018.09.07"]
[Round "4.19"]
[White "Pichot, Alan"]
[Black "Agmanov, Zhandos"]
[Result "1/2-1/2"]
[WhiteElo "2562"]
[BlackElo "2379"]
[Annotator "TA"]
[PlyCount "97"]
[EventDate "2018.09.05"]
[EventType "swiss"]
[EventCountry "TUR"]
[SourceTitle "playchess.com"]
[Source "ChessBase"]
[SourceQuality "1"]

{[%evp 18,97,10,8,13,6,29,0,2,-41,-30,-40,-26,-32,-25,-46,-34,-33,-14,-37,-33,-56,0,0,22,22,22,22,29,29,27,26,29,29,70,67,67,67,67,54,69,69,71,71,76,66,78,66,67,73,74,69,83,65,81,75,68,31,32,38,34,34,45,0,0,0,0,0,0,0,0,0,0,0,0,0,0,0,0,0,0,0]} 1. e4 e6 2. d4 d5 3. Nc3 Nf6 4. e5 Nfd7 5. f4 c5 6. Nf3 Nc6 7. Be3 Be7 8. a3 {C11: French: Classical System: 4 e5 and 4 Bg5 dxe4} (8. Qd2 b6 9. Bb5 Bb7 10. O-O a6 11. Bxc6 Bxc6 12. Nd1 Qc7 13. Nf2 O-O-O 14. a4 Kb8 15. b3 Bb7 16. Nd3 {1-0 (60) Aronian,L (2767)-Caruana,F (2822) chess.com INT 2018}) 8... b6 9. Bd3 O-O 10. O-O {LiveBook: 9 Games} Bb7 11. Nb5 f5 $146 ({Predecessor:} 11... f6 12. c3 a6 13. Nd6 Bxd6 14. exd6 Qb8 15. Nh4 f5 {1-0 (65) Hernandez Graterol,Z-Vilarino,L Bento Goncalves 2000}) 12. exf6 Nxf6 13. Ne5 a6 14. Nc3 Qc7 15. Nxc6 Bxc6 16. Qf3 Bd6 17. Rae1 Bb7 18. Qh3 Rae8 19. Rf3 cxd4 ({Better is} 19... g6 $15) 20. Bxd4 $11 e5 (20... Bc5 {seems wilder.} 21. Ne2 Ne4 22. c3 g6 23. Rd1 Bc8) 21. fxe5 Bxe5 22. Rxe5 Rxe5 23. Bxe5 Qxe5 24. Qg3 Qxg3 25. Rxg3 Ne4 26. Bxe4 dxe4 $14 {[%mdl 4096] Endgame KRB-KRN} 27. Re3 Rc8 28. Kf2 Kf7 29. Re2 Rc4 30. Rd2 Ke7 31. Ke3 g6 32. Rd4 Rc5 33. g3 Bc6 34. Rd2 Rc4 35. g4 Bb7 36. Rf2 h6 37. h4 b5 38. Rd2 Bc6 39. Ne2 Rc5 40. b4 Rc4 {The position is equal.} 41. g5 hxg5 42. hxg5 Bb7 43. c3 Ke6 44. Rd1 Kf5 45. Rd7 Bc8 $1 {[%cal Rc8d7]} 46. Rd5+ Kg4 47. Rc5 Rxc5 48. bxc5 Kxg5 49. Kxe4 {Precision: White = 58%, Black = 73%.} 1/2-1/2

[Event "World Junior U20 Open 2018"]
[Site "Gebze"]
[Date "2018.09.07"]
[Round "4.20"]
[White "Bai, Jinshi"]
[Black "Ozer, Omer Faruk"]
[Result "1-0"]
[WhiteElo "2556"]
[BlackElo "2388"]
[Annotator "TA"]
[PlyCount "51"]
[EventDate "2018.09.05"]
[EventType "swiss"]
[EventCountry "TUR"]
[SourceTitle "playchess.com"]
[Source "ChessBase"]
[SourceQuality "1"]

{[%evp 9,51,40,70,64,70,51,50,45,122,120,117,97,123,116,136,122,131,124,138,140,135,110,137,135,150,126,181,140,153,149,144,154,301,313,313,310,309,307,315,314,775,774,773,765]} 1. d4 e6 2. c4 Bb4+ 3. Nd2 b6 4. e4 (4. a3 Bxd2+ 5. Qxd2 Bb7 6. Nf3 f5 7. g3 Nf6 8. Bg2 O-O 9. O-O Qe8 10. b4 d6 11. Bb2 Nbd7 {1-0 (41) Gelfand,B (2764)-Grischuk,A (2785) Elancourt 2013 CBM 157 [Gormally,D]}) 4... c5 $146 ({Predecessor:} 4... Bb7 5. Qc2 Nf6 6. Bd3 e5 7. d5 a5 8. Ne2 Na6 9. O-O O-O 10. Nc3 Re8 11. a3 Bf8 {0-1 (20) Dworakowska,J (2335)-Paehtz,E (2449) Plovdiv 2008}) 5. d5 Ne7 6. Bd3 {A40: Unusual replies to 1 d4} Ng6 7. Ne2 Ne5 8. Qc2 {White is slightly better.} b5 (8... O-O $14) 9. cxb5 $16 a6 10. b6 a5 11. O-O {Black must now prevent Nc4.} Bxd2 12. Bxd2 Qxb6 13. Bc3 Nxd3 14. Qxd3 {Hoping for Qg3.} Ba6 15. Qd2 Bxe2 16. Qxe2 O-O 17. Rad1 $36 {[%mdl 2048] White is on the roll.} Ra7 (17... Na6 $16 {keeps fighting.} 18. dxe6 Qxe6) 18. Qe3 f6 19. dxe6 dxe6 20. e5 Rd7 (20... Nd7 $16 21. Rd6 Qc7 22. Rxe6 Nxe5) 21. exf6 $18 gxf6 22. Rxd7 Nxd7 23. Qg3+ Kf7 24. Rd1 Qb5 $2 {[#]} (24... Qc6 25. Qd3 (25. Bxa5 Rg8 $18) 25... Ke7 26. Qxh7+ Rf7) 25. Qc7 Ke7 26. Qd6+ {Precision: White = 94%, Black = 50%.} 1-0

[Event "World Junior U20 Open 2018"]
[Site "Gebze"]
[Date "2018.09.07"]
[Round "4.21"]
[White "Lomasov, Semyon"]
[Black "Schekachikhin, Maksim"]
[Result "1-0"]
[WhiteElo "2545"]
[BlackElo "2356"]
[Annotator "TA"]
[PlyCount "45"]
[EventDate "2018.09.05"]
[EventType "swiss"]
[EventCountry "TUR"]
[SourceTitle "playchess.com"]
[Source "ChessBase"]
[SourceQuality "1"]

{[%evp 19,45,0,0,-20,162,50,96,-50,89,80,240,268,261,256,424,425,420,418,537,547,668,632,748,631,1533,1564,2146,2130]} 1. e4 {Schulz,André} c6 2. d4 d5 3. e5 Bf5 4. h4 h5 5. Bd3 Bxd3 6. Qxd3 e6 7. Bg5 {B12: Caro-Kann: Advance Variation} Qb6 8. Nd2 c5 9. c4 {[%cal Bc2c4,Bc4d5][%mdl 32]} Qxb2 10. Rd1 Nc6 {LiveBook: 6 Games} 11. Ngf3 Be7 $146 (11... cxd4 $6 12. cxd5 exd5 13. e6 $1 $16 {[%mdl 512]}) (11... Nge7 $11) ({Predecessor:} 11... Nb4 12. Qe2 cxd4 13. O-O d3 14. Qe3 Ne7 {1-0 (30) Morozevich,A (2711)-Laznicka,V (2676) Poikovsky 2015 CBM 169 [Schulz,André]}) 12. O-O (12. cxd5 $18 exd5 13. e6 Nxd4 14. exf7+ Kxf7 15. O-O (15. Ne5+ Ke6 $14)) 12... Bxg5 (12... cxd4 $2 13. cxd5 exd5 14. e6 $1 $18 {[%mdl 512]}) (12... Qxa2 $2 13. Ra1 $16) 13. Nxg5 (13. cxd5 $16 exd5 14. Rb1 Qxa2 15. Nxg5) 13... Nge7 ({Inferior is} 13... Qxa2 14. Ra1 $16) (13... Nxd4 14. cxd5 exd5 15. e6 $1 $16 {[%mdl 512]}) (13... Qxd4 $15 {keeps the upper hand.} 14. Qb1 Nge7 15. cxd5 exd5) 14. cxd5 $1 $16 Qxd4 $2 {[#]} (14... exd5 $16 15. dxc5 Qd4) 15. Qf3 $1 $18 {[%cal Rf3f7]} Nxe5 {[#]} 16. Qe2 $1 {Strongly threatening Nde4.} Kf8 $2 (16... exd5 {was worth a try.} 17. Nde4 dxe4 18. Rxd4 cxd4 19. Qxe4 N5c6) 17. Nde4 {[%cal Bd2e4,Be4d6,Bd6f7][%mdl 32]} Qc4 18. Qb2 exd5 19. Nd6 {White is clearly winning.} ({Weaker is} 19. Qxe5 dxe4 20. Rd7 Re8 $16) 19... Qf4 {[#] White must now prevent ...Ng4.} 20. Ndxf7 $1 {[%mdl 512]} Nc4 (20... Nxf7 21. Ne6+) 21. Qxb7 Rb8 22. Qxa7 Nc6 23. Qxc5+ {Precision: White = 74%, Black = 11%.} 1-0

[Event "World Junior U20 Open 2018"]
[Site "Gebze"]
[Date "2018.09.07"]
[Round "4.22"]
[White "Percivaldi, Martin"]
[Black "Jarmula, Lukasz"]
[Result "0-1"]
[WhiteElo "2376"]
[BlackElo "2504"]
[Annotator "TA"]
[PlyCount "72"]
[EventDate "2018.09.05"]
[EventType "swiss"]
[EventCountry "TUR"]
[SourceTitle "playchess.com"]
[Source "ChessBase"]
[SourceQuality "1"]

{[%evp 18,72,-11,-21,0,-11,0,7,39,0,0,0,0,0,0,0,0,-77,-85,-86,-85,-99,-102,-95,-95,-101,-106,-96,-87,-113,-80,-129,-137,-291,-296,-287,-282,-236,-207,-1382,-1366,-1278,-1264,-1211,-1042,-962,-948,-2073,-1929,-2105,-1923,-1011,-930,-29988,-1825,-29989,-29990]} 1. d4 Nf6 2. c4 e6 3. Nf3 d5 4. g3 dxc4 5. Bg2 Bb4+ 6. Nbd2 b5 {E04: Open Catalan: 5 Nf3} 7. O-O O-O 8. a4 c6 9. Ne1 Nd5 10. e4 {LiveBook: 4 Games} Nc7 (10... Nb6 11. a5 N6d7 12. e5 Bb7 13. Ne4 Na6 14. Bg5 {½-½ (44) Wang,H (2709)-Ding,L (2777) Huaian 2017}) 11. e5 $146 ({Predecessor:} 11. Nc2 Be7 12. e5 Nd5 13. Ne4 Nd7 14. Qh5 {0-1 (73) Percivaldi,M (2246)-Carstensen,J (2352) Denmark 2016}) 11... a6 12. Ne4 Nd7 13. Qg4 (13. Bg5 $5 {[%cal Rg5d8]} Be7 14. Bxe7 Qxe7 15. axb5 cxb5 16. Nd6 $11) 13... f5 14. exf6 $1 Nxf6 15. Nxf6+ Qxf6 16. Bg5 Qf5 17. Qh4 {[#]} (17. Qxf5 $11 Rxf5 18. Nc2) 17... h6 $1 $17 {[%cal Rh6g5]} 18. Be3 Nd5 {[%cal Bc7d5,Bd5f4,Bf4g2][%mdl 32]} 19. g4 Qg6 20. Nf3 Bd6 21. Ne5 Bxe5 $1 22. dxe5 Bb7 ({Much weaker is} 22... Nxe3 $6 23. fxe3 Bd7 24. Qe7 $11) 23. Bc5 Nf4 24. Bxf8 Rxf8 25. Rad1 $2 (25. Ra3 $17 {was necessary.}) 25... Nxg2 $19 26. Kxg2 c5+ 27. Kg1 {and if Rd8 works, White does fine.} Rf4 $40 {[%mdl 128] Black is out for blood.} 28. h3 $2 (28. f3 Rxf3 29. Rxf3 Bxf3 30. Re1) 28... Qe4 {[%csl Gb7][%cal Re4h1] [#]} 29. f3 Rxf3 {( -> ...Re3)} 30. Rxf3 Qxf3 {[%csl Gb7][%cal Rf3g2][%mdl 4096] Endgame KQR-KQB} 31. Rd2 b4 32. Qd8+ Kh7 33. g5 Qg3+ 34. Kf1 Be4 35. Ke2 Qf3+ 36. Ke1 Bd3 {Precision: White = 46%, Black = 76%.} 0-1

[Event "World Junior U20 Open 2018"]
[Site "Gebze"]
[Date "2018.09.07"]
[Round "4.23"]
[White "Shailesh, Dravid"]
[Black "Bellahcene, Bilel"]
[Result "0-1"]
[WhiteElo "2325"]
[BlackElo "2501"]
[Annotator "TA"]
[PlyCount "58"]
[EventDate "2018.09.05"]
[EventType "swiss"]
[EventCountry "TUR"]
[SourceTitle "playchess.com"]
[Source "ChessBase"]
[SourceQuality "1"]

{[%evp 19,58,15,13,11,8,0,0,-29,-5,0,9,-84,-77,-164,-128,-137,-145,-160,-136,-141,-121,-219,-222,-220,-216,-212,-207,-197,-200,-218,-206,-258,-240,-237,-239,-250,-265,-237,-247,-332,-327]} 1. e4 c5 2. Nf3 d6 3. d4 cxd4 4. Nxd4 Nf6 5. Nc3 a6 6. Bg5 Nbd7 {[%cal Bb8d7,Bd7e5,Be5d3][%mdl 32]} 7. Bc4 Qb6 {B94: Sizilianisch (Najdorf-Variante mit 6.Lg5)} (7... h6 8. Bh4 g6 9. Qe2 Bg7 10. O-O-O O-O 11. Bb3 Qc7 12. Kb1 Rb8 13. f4 e5 14. fxe5 dxe5 15. Nf3 b5 16. g4 {1-0 (61) Nepomniachtchi,I (2751)-Korobov,A (2678) Poikovsky 2018}) 8. O-O Qc5 9. Bd5 e6 10. Re1 Ne5 {LiveBook: 10 Partien} 11. Bb3 Be7 12. Na4 $146 ({Vorgänger:} 12. a4 O-O 13. Be3 Qc7 14. Qe2 b6 15. h3 {½-½ (53) Gusain,H (2447)-Idani,P (2595) Amol 2018}) 12... Qc7 13. c4 h6 14. Bd2 b6 15. Rc1 (15. Qe2 $11 {bleibt in der Remisbreite.}) 15... Nd3 $17 16. f4 (16. Ba5 $17 Nxc1 17. Bxb6) 16... Nxe1 17. Qxe1 O-O 18. Qe2 Re8 19. Nc3 e5 20. Nf5 (20. Nf3 $17 {ist wohl besser.}) 20... Bxf5 $19 21. exf5 {[#]} d5 $1 22. Nxd5 Nxd5 23. cxd5 Bc5+ 24. Kh1 exf4 25. Qg4 {[#] Schwarz muss nun f6 beachten.} Qe5 26. Rf1 Qxb2 27. Bxf4 Qe2 28. Qxe2 Rxe2 29. f6 Rae8 {Precision: Weiß = 26%, Schwarz = 81%.} ({Viel schwächer ist} 29... gxf6 30. Bxh6 b5 31. g3 $19) 0-1

[Event "World Junior U20 Open 2018"]
[Site "Gebze"]
[Date "2018.09.07"]
[Round "4.24"]
[White "Thybo, Jesper Sondergaard"]
[Black "Ozen, Bahadir"]
[Result "1/2-1/2"]
[WhiteElo "2499"]
[BlackElo "2326"]
[Annotator "TA"]
[PlyCount "63"]
[EventDate "2018.09.05"]
[EventType "swiss"]
[EventCountry "TUR"]
[SourceTitle "playchess.com"]
[Source "ChessBase"]
[SourceQuality "1"]

{[%evp 18,63,32,41,22,18,32,33,50,0,0,-40,16,11,11,11,7,0,5,11,15,20,16,0,0,0,0,0,8,0,0,0,0,0,0,0,0,0,0,0,0,0,0,0,0,0,0,0]} 1. e4 {Pavlovic,M} e5 2. Nf3 Nc6 3. Bc4 Bc5 4. c3 Nf6 5. d3 d6 6. O-O a5 {C54: Giuoco Piano: 4 c3 Nf6, main lines with 5 d4 and 5 d3} 7. Re1 O-O 8. Bg5 h6 9. Bh4 g5 10. Bg3 {LiveBook: 3 Games} Kg7 $146 ({Predecessor:} 10... Ba7 11. Na3 Bg4 12. h3 Bh5 13. Nc2 Bg6 14. Bh2 Nh5 15. d4 {1-0 (36) Giri,A (2790)-Eljanov,P (2765) Stavanger 2016 CBM 172 [Pavlovic,M]}) 11. d4 Bb6 12. dxe5 dxe5 {With the idea ...Qxd1.} 13. Qxd8 Rxd8 14. Na3 ({But not} 14. Bxe5 Nxe5 15. Nxe5 {[#]} Nxe4 $1 $17 {[%mdl 512]}) 14... Bg4 ({Black should play} 14... Nd7 $1 $15) 15. Nxe5 {The position is equal.} Nxe5 16. Bxe5 Rd2 17. Bd4 Bxd4 18. cxd4 Rxd4 19. f3 Be6 20. Rac1 {Black must now prevent Bxe6.} c6 21. Red1 Rad8 22. Rxd4 Rxd4 23. Bxe6 fxe6 $11 {[%mdl 4096] Endgame KRN-KRN} 24. Nc4 a4 25. Rc2 Nd7 26. Na5 Rb4 27. Nc4 $1 Kf6 28. Kf2 Ne5 29. Nxe5 Kxe5 30. Ke3 b6 31. g3 c5 32. f4+ {Precision: White = 77%, Black = 74%.} 1/2-1/2

[Event "World Junior U20 Open 2018"]
[Site "Gebze"]
[Date "2018.09.07"]
[Round "4.25"]
[White "Pang, Tao"]
[Black "Priasmoro, Novendra"]
[Result "1/2-1/2"]
[WhiteElo "2290"]
[BlackElo "2498"]
[Annotator "TA"]
[PlyCount "94"]
[EventDate "2018.09.05"]
[EventType "swiss"]
[EventCountry "TUR"]
[SourceTitle "playchess.com"]
[Source "ChessBase"]
[SourceQuality "1"]

{[%evp 10,94,30,0,20,10,41,5,22,0,36,29,43,53,56,50,77,72,64,59,64,58,61,76,100,89,99,7,76,49,158,118,160,148,98,0,0,0,0,0,0,-4,-20,-20,-14,0,-5,-20,0,0,0,0,0,0,54,48,41,0,0,0,10,10,29,23,21,22,18,10,18,17,16,0,0,0,23,0,13,15,15,0,0,0,0,0,0,0,0]} 1. Nf3 Nf6 2. c4 g6 3. Nc3 Bg7 4. d4 O-O 5. Bf4 d6 6. Qd2 {LiveBook: 6 Games. E61: King's Indian: Early deviations for White, including Smyslov System} (6. e3 Nc6 7. h3 Nd7 8. Be2 h6 9. O-O e5 10. Bh2 Re8 11. Rc1 exd4 12. Nxd4 Nde5 13. Nf3 a5 14. Qd2 Nxf3+ 15. Bxf3 {0-1 (78) Georgiev,K (2623)-Melkumyan,H (2633) Riadh 2017}) 6... Bg4 7. Bh6 Bxf3 8. Bxg7 {White is slightly better.} Kxg7 9. gxf3 e5 10. f4 $146 ({Predecessor:} 10. d5 Nh5 11. O-O-O f5 12. e4 Qh4 13. Bd3 Nf4 14. Bc2 {0-1 (41) Roussel,B (1470)-Guegan,M (1720) Arradon 2005}) 10... exd4 11. Qxd4 Nc6 12. Qd2 Ng4 13. Bh3 Qh4 14. Bxg4 $1 Qxg4 15. O-O-O Ne7 16. h4 {[%cal Bh2h4,Bh4h5][%mdl 32]} Qe6 17. h5 Qxc4 {[#]} 18. f5 $1 {[%mdl 512]} Rh8 (18... Nxf5 $11 19. e4 Ne7) 19. e4 {[%mdl 1024] White has strong compensation.} b5 {[#]} (19... gxf5 $14 20. e5 dxe5) 20. b3 $1 $16 {[%cal Rb3c4]} Qc5 {[#]} 21. Kb1 $1 {aiming for Nd5.} b4 22. Nd5 (22. Na4 $16 Qe5 23. h6+ Kf8 24. Rhe1) 22... Nxd5 $11 23. h6+ Kf6 24. exd5 Qc3 ({Don't go for} 24... gxf5 $2 25. Rc1 $18) 25. Qxc3+ bxc3 26. fxg6 hxg6 {[%mdl 4096] Endgame KRR-KRR} 27. Rc1 Rac8 28. Rxc3 g5 29. h7 Kg6 30. Rch3 Rce8 31. f4 gxf4 ({Better is} 31... f6 $11) 32. Rg1+ $14 Kf6 33. Rh6+ Ke7 34. Rf1 Kf8 35. Rxf4 Kg7 36. Rh2 Re7 37. Rg4+ Kf8 $1 38. Kb2 f6 39. Rgh4 Kg7 40. Rg4+ Kf8 41. Rgh4 Kg7 42. Rg4+ Kf7 {The position is equal.} 43. Rf4 (43. Kc3 {feels hotter.} f5 44. Rg3 Kf8 45. Rgh3 Kg7 46. b4) 43... Ke8 44. Rxf6 {Black must now prevent Rfh6.} Rhxh7 45. Rd2 Kd7 46. Rf4 Rh5 47. Ra4 Ree5 {Precision: White = 60%, Black = 42%.} 1/2-1/2

[Event "World Junior U20 Open 2018"]
[Site "Gebze"]
[Date "2018.09.07"]
[Round "4.26"]
[White "Asadli, Vugar"]
[Black "Dobrovoljc, Vid"]
[Result "1/2-1/2"]
[WhiteElo "2492"]
[BlackElo "2316"]
[Annotator "TA"]
[PlyCount "62"]
[EventDate "2018.09.05"]
[EventType "swiss"]
[EventCountry "TUR"]
[SourceTitle "playchess.com"]
[Source "ChessBase"]
[SourceQuality "1"]

{[%evp 20,62,7,0,8,0,0,0,0,0,0,0,0,-31,0,0,0,0,0,0,3,4,7,0,3,2,25,16,62,74,58,31,26,15,40,47,30,14,14,8,12,9,10,0,0]} 1. Nf3 {Gupta,A} Nf6 2. g3 g6 3. b3 Bg7 4. Bb2 d6 5. d4 c5 6. Bg2 cxd4 7. Nxd4 d5 8. O-O O-O 9. c4 dxc4 10. Na3 {A49: 1 d4 Nf6 2 Nf3 g6 3 g3: Anti-King's Indian systems} cxb3 11. Qxb3 {LiveBook: 20 Games} e5 12. Bxb7 Bxb7 13. Qxb7 Qd5 14. Qxd5 Nxd5 {[%cal Bf6d5,Bd5b4,Bb4c2][%mdl 32] [#]} 15. Nb3 $146 ({Predecessor:} 15. Ndb5 a6 16. Nd6 Nc6 17. Nac4 Rab8 {½-½ (58) Pantsulaia,L (2603)-Gupta,A (2603) Nakhchivan 2015 CBM 167 [Gupta,A]}) 15... Nc6 16. Nc4 Rfd8 17. Rfd1 Ndb4 18. Rxd8+ Rxd8 19. f3 Nc2 20. Rc1 N2d4 21. Nxd4 Nxd4 22. Kf2 Nc6 23. Ne3 Rc8 24. Nd5 Kf8 25. Nb4 Ne7 $1 26. Rxc8+ Nxc8 $11 {KBN-KBN} 27. Nc6 f6 $1 28. Ba3+ Ke8 $1 {The position is equal.} 29. Bc5 Bf8 $1 {[%cal Rf8c5]} 30. Be3 a6 $1 31. g4 Bd6 {Precision: White = 41%, Black = 68%.} 1/2-1/2

[Event "World Junior U20 Open 2018"]
[Site "Gebze"]
[Date "2018.09.07"]
[Round "4.27"]
[White "Sadikhov, Ulvi"]
[Black "Jogstad, Martin"]
[Result "1-0"]
[WhiteElo "2491"]
[BlackElo "2305"]
[Annotator "TA"]
[PlyCount "109"]
[EventDate "2018.09.05"]
[EventType "swiss"]
[EventCountry "TUR"]
[SourceTitle "playchess.com"]
[Source "ChessBase"]
[SourceQuality "1"]

{[%evp 18,109,22,18,23,31,19,21,20,0,23,0,0,1,12,12,16,12,20,0,0,19,12,17,7,14,25,16,35,32,28,33,25,20,48,29,34,36,77,77,72,83,78,56,91,102,232,225,300,298,283,246,269,146,150,158,143,113,114,48,80,50,46,53,377,391,393,383,383,379,429,319,525,458,555,529,492,451,2733,1989,1397,1225,12837,12835,29979,29980,29980,29981,29981,29982,29982,29983,29982,29983]} 1. e4 c5 2. Nf3 {[%cal Bg1f3,Bf3d4,Bd4b5][%mdl 32]} e6 3. d4 cxd4 4. Nxd4 Nc6 5. Nc3 Qc7 6. Qd3 {B47: Sicilian: Taimanov: 5 Nc3 Qc7 6 f4, 6 g3 and 6 Be2} (6. g3 a6 7. Bg2 Nf6 8. O-O Be7 9. Re1 O-O 10. Nxc6 dxc6 11. e5 Rd8 12. Qf3 Nd5 13. h4 Nxc3 14. Qxc3 Bd7 15. Be3 c5 16. Rad1 Rac8 17. h5 Bc6 18. Rxd8+ Qxd8 19. Qc4 b5 20. Qf1 Bxg2 21. Qxg2 Qd5 22. Qxd5 exd5 {½-½ (44) Saric,I (2690)-Adhiban,B (2671) Linares 2018}) 6... Nf6 7. Ndb5 Qb8 8. Qg3 d6 9. Be3 a6 10. Nd4 {LiveBook: 27 Games} Nxd4 11. Bxd4 e5 12. Bb6 Be6 13. Be2 $146 ({Predecessor:} 13. Bd3 Nd7 {1-0 (32) Turcan,R (2171)-Brnusak,T (1935) Liptovsky Mikulas 2018}) 13... Be7 14. Qxg7 Rg8 15. Qh6 Rxg2 16. Qd2 Qc8 17. Bf3 Rg6 18. O-O-O Qc6 19. Be3 Ng4 20. Nd5 Nxe3 21. fxe3 Bxd5 22. exd5 Qc5 23. Be4 Bg5 24. Rde1 Rg7 25. Bf5 Ke7 26. Qd3 Rag8 27. Kb1 Bf6 28. Bxh7 Rh8 29. Bf5 Rh4 30. h3 Rb4 31. c3 Rb5 (31... Ra4 $16) 32. Be4 $1 $18 Bh4 33. Reg1 Rxg1+ 34. Rxg1 Bf2 35. Rf1 (35. Rg2 $18 Bxe3 36. a3 $1 {[%mdl 512]}) 35... Bxe3 $16 36. a4 Rb6 37. Ka2 $36 {[%mdl 2048] Black must now prevent b4. White is really pushing.} a5 38. h4 (38. Bf3 $16) 38... Ra6 $1 $14 39. Rf3 Bf4 40. Qe2 {Hoping for Bd3.} Qg1 $2 {[%mdl 8192]} (40... Ra8 $14) 41. Bd3 $1 $18 {[%csl LRa6,LRf4]} Qg4 42. Bxa6 bxa6 {[%mdl 4096] Endgame KQR-KQB} 43. Qf1 f5 44. Qh3 Qxh3 $2 (44... Kf8 {was necessary.} 45. Kb3 Kg7) 45. Rxh3 {KR-KB} e4 {Threatens to win with ...e3.} 46. Kb1 Kf6 47. Kc2 Ke5 (47... Bh6 $142 48. Rh1 f4) 48. h5 Bh6 49. Rg3 f4 50. Rg6 f3 51. Rxh6 {White mates.} f2 52. Re6+ Kf5 {[#]} 53. Re8 $1 {[%cal Re8f8]} e3 54. Rf8+ Ke4 55. Kd1 {Precision: White = 67%, Black = 33%.} 1-0

[Event "World Junior U20 Open 2018"]
[Site "Gebze"]
[Date "2018.09.07"]
[Round "4.28"]
[White "Gavrilescu, David"]
[Black "Amartuvshin, Ganzorig"]
[Result "1-0"]
[WhiteElo "2470"]
[BlackElo "2280"]
[Annotator "TA"]
[PlyCount "79"]
[EventDate "2018.09.05"]
[EventType "swiss"]
[EventCountry "TUR"]
[SourceTitle "playchess.com"]
[Source "ChessBase"]
[SourceQuality "1"]

{[%evp 19,79,37,63,53,68,72,61,66,40,67,83,51,39,-110,-97,-102,-94,-77,-86,-114,-129,-83,-58,-85,323,336,393,341,324,338,479,454,432,114,246,252,345,339,339,0,440,439,454,313,454,443,593,482,754,687,712,7931,7277,1576,12825,12825,12834,12833,12835,12833,5920,1283]} 1. e4 c5 2. Nf3 e6 3. d4 cxd4 4. Nxd4 Nc6 5. Nc3 a6 6. Be3 Nf6 7. a3 d6 {B46: Sicilian: Taimanov: 5 Nc3 a6} (7... Be7 8. f4 d5 9. e5 Nd7 10. g3 Bc5 11. Qd2 Nxd4 12. Bxd4 Bxd4 13. Qxd4 Qb6 14. O-O-O Qxd4 15. Rxd4 b6 {½-½ (55) Paravyan,D (2620)-Vitiugov,N (2740) Sochi 2018}) 8. f4 Be7 9. Qf3 Bd7 10. O-O-O Qc7 {LiveBook: 5 Games} 11. Rg1 Rc8 $146 ({Predecessor:} 11... Nxd4 12. Bxd4 Bc6 13. g4 e5 14. Be3 exf4 15. Bxf4 Nd7 16. Bc4 O-O 17. g5 b5 {1-0 (42) Rasmussen,A (2543)-Schekachikhin,M (2368) Stockholm 2017}) 12. g4 {[%cal Bg2g4,Bg4g5][%mdl 32]} Nxd4 13. Bxd4 {Hoping for g5.} e5 14. Bf2 h5 {[%cal Bh7h5,Bh5h4][%mdl 32]} 15. g5 Ng4 16. Bg3 (16. Rg2 $14 {keeps the upper hand.}) 16... h4 $1 $17 {[%cal Rh4g3]} 17. Be1 Nxh2 18. Qf2 Nxf1 19. Rxf1 {[%cal Bg1f1,Bf1f3,Bf3g3][%mdl 32] [#]} Qc5 $1 {[%cal Rc5f2] White must now prevent ...Qxf2.} 20. Qh2 h3 {And now ...exf4 would win.} 21. Nd5 {[#]} Ba4 $2 {[%mdl 8192]} (21... Bg4 $1 $17 {[%cal Rg4d1]} 22. Bb4 Qc4) 22. Bc3 $18 Qb5 23. Rf3 Qd7 24. Rdd3 Qg4 (24... Bc6 {was called for.} 25. Rxh3 Rxh3 26. Rxh3 Bxd5 27. Rh8+ (27. exd5 Qf5 $15) 27... Bf8 28. exd5 Qf5) 25. Rg3 ({Less strong is} 25. Rxh3 Rxh3 26. Rxh3 Rxc3 $18) 25... Qe6 26. Nb6 $2 (26. Rxh3 $18 {and White stays clearly on top.} Rf8 27. f5 Bxg5+ 28. Kb1) 26... Rxc3 (26... Bd7 $16) 27. Rxc3 ({Don't play} 27. bxc3 $6 Bc6 $16) 27... exf4 28. Rxh3 Rxh3 29. Qxh3 $2 ({Only move:} 29. Rxh3 $18 Qxe4 30. Rh8+ Bf8 31. Qd2) 29... Qxh3 $4 {[%mdl 8192]} (29... Bc6 $1 $11) 30. Rxh3 $16 {[%mdl 4096] Endgame KRN-KB} Bc6 31. Rh8+ Bf8 32. Nd5 {White is clearly winning.} g6 33. Kd2 b5 (33... Bxd5 $142 34. exd5 Ke7) 34. Kd3 Bxd5 35. exd5 $18 {KR-KB} Ke7 36. Rg8 f6 37. gxf6+ Kf7 38. Rh8 a5 39. Ke4 g5 40. Kf3 {Precision: White = 58%, Black = 29%.} (40. c3 $142 Ke8 41. Kf5) 1-0

[Event "World Junior U20 Open 2018"]
[Site "Gebze"]
[Date "2018.09.07"]
[Round "4.29"]
[White "Tarlabasi, Emirhan"]
[Black "Haldorsen, Benjamin"]
[Result "1/2-1/2"]
[WhiteElo "2193"]
[BlackElo "2461"]
[Annotator "TA"]
[PlyCount "46"]
[EventDate "2018.09.05"]
[EventType "swiss"]
[EventCountry "TUR"]
[SourceTitle "playchess.com"]
[Source "ChessBase"]
[SourceQuality "1"]

{[%evp 18,46,42,25,29,23,32,8,14,22,19,45,42,27,32,35,37,33,37,20,24,10,23,17,25,25,30,0,17,0,7]} 1. d4 d5 2. c4 dxc4 3. e3 Nf6 4. Nf3 b5 5. a4 b4 6. Bxc4 {D25: Angenommenes Damengambit} e6 7. a5 a6 8. O-O (8. Nbd2 Bb7 9. O-O c5 10. Nb3 Nbd7 11. dxc5 Nxc5 12. Nxc5 Bxc5 {1-0 (45) Bluebaum,M (2631)-Anand,V (2776) Karlsruhe/Baden-Baden 2018}) 8... Be7 9. Nbd2 Bb7 10. Qe2 {LiveBook: 6 Partien} O-O 11. Rd1 Nbd7 12. Nb3 c5 13. dxc5 Qb8 $146 14. c6 Bxc6 15. Nbd4 Qb7 16. Nxc6 Qxc6 17. Bd2 Rfc8 18. Rdc1 (18. Rac1 $5 {[%cal Rc4a6]} Qb7 19. Be1 $11) 18... Qb7 19. Ra4 h6 20. Qe1 Rab8 21. Qf1 Ra8 22. Qe1 {[%cal Rd2b4]} Rab8 23. Qf1 Ra8 {Precision: Weiß = 35%, Schwarz = 82%.} 1/2-1/2